01162nam a2200289Ia 4500001001000000003000500010008004100015010001100056040000900067090001500076100003800091245015500129260003400284300001000318502010400328650004800432700003400480710006100514901001500575902000600590905006300596910000900659942000900668942001200677999001900689952016400708Para_5657CHAP220125s1985 xx 000 0 und d a204087 cCHAP aPA TESIS 9 aAlcaraz Miranda, J. Antonio93574 aMetodología para determinar el banco de semillas de malezas, en tres sistemas de labranza /c por J. Antonio Alcaraz Miranda y Carlos Flores Revilla aChapingo, Méx. :b el autor a55 h. aTesis (Ing. Agr. Esp. en Parasitología Agrícola). UACh. Departamento Parasitología Agrícola aMalas hierbas x semillas Labranza9170097 aFlores Revilla, Carlos941700 aUACh. Departamento de Parasitología Agrícola9115877 aPA TESIS 9 aA a0000001985 i 0000000000 00 a1985 cPARA cPARAd1 c204087d204087 00102local4051708TESISaPAbPAd2005-10-27fPARAi(PA_3061) (No. UACh CONSUMO)l0oPA TESIS 9p4101000010r2022-01-25 00:00:00tEj.1w2022-01-25yTESISz3